| 000 | 00617nam a2200217 u 4500 | ||
|---|---|---|---|
| 005 | 20260217062528.0 | ||
| 008 | 131202s2006 r 000 0 eng d | ||
| 020 | _a9709833413 | ||
| 035 | _aUPN01000194410 | ||
| 049 | _aCG | ||
| 050 | 4 |
_aHM821 _bR6.5 |
|
| 100 | 1 |
_aRodríguez Zepeda, Jesús _935189 |
|
| 245 | 1 | 3 |
_aUn marco teórico para la discriminación / _cJesús Rodríguez Zepeda. |
| 260 |
_aMéxico : _bCONAPRED, _c2006. |
||
| 300 | _a138 p. | ||
| 440 | 0 |
_aEstudios ; _v2 |
|
| 650 | 2 |
_aDiferenciación (sociología) _913565 |
|
| 650 | 4 |
_aDiscriminación _921028 |
|
| 905 | _aLibro | ||
| 999 |
_c166511 _d166511 |
||